A Textbook in Statistics: (Record no. 211711)

MARC details
000 -LEADER
fixed length control field 00644nam a22001937a 4500
005 - DATE AND TIME OF LATEST TRANSACTION
control field 20250610154332.0
010 ## - LCCN (DPL NO)
LC control number ENG-145289
020 ## - INTERNATIONAL STANDARD BOOK NUMBER
International Standard Book Number 9789385506154
Terms of availability 198.00
035 ## - SYSTEM CONTROL NUMBER
System control number EN-128821
037 ## - SOURCE OF ACQUISITION
Source of stock number/acquisition DBAD
082 ## - DEWEY DECIMAL CLASSIFICATION NUMBER
Classification number 001.422
Edition number 1
100 ## - MAIN ENTRY--PERSONAL NAME
Personal name Narayanan, Lalitha
245 ## - TITLE STATEMENT
Title A Textbook in Statistics:
Remainder of title Paper-II Probability Distributions/
Statement of responsibility, etc Lalitha Narayanan
250 ## - EDITION STATEMENT
Edition statement 1
260 ## - PUBLICATION, DISTRIBUTION, ETC. (IMPRINT)
Name of publisher, distributor, etc Professional Books Publishers
Date of publication, distribution, etc 2017
Place of publication, distribution, etc Hyderabad
270 ## - ADDRESS
Address 3-5-315, Street no 7, Vittalwadi, Narayanguda
City Hyderabad
Postal code 500029
Telephone number 040-23227399
-- 9642665303
300 c# - PHYSICAL DESCRIPTION
Extent 289p.
Dimensions 24cm(pb)
942 ## - ADDED ENTRY ELEMENTS (KOHA)
Source of classification or shelving scheme Dewey Decimal Classification
Item type English Books
Call number suffix NAR
Classification part 001.422
Holdings
Withdrawn status Lost status Not for loan Collection code Home library Current library Date acquired Source of acquisition Cost, normal purchase price Full call number Barcode Copy number Cost, replacement price Koha item type
    Not For Loan Non-fiction Patel Nagar Patel Nagar 10/06/2025 Delivery of Books Act Division 198.00 NAR 001.422 EN-128821 1 198.00 English Books

© Delhi Public Library
Hit Counter
free hit counter